| 000 | 00509pab a2200205 454500 | ||
|---|---|---|---|
| 008 | 180718b2009 xxu||||| |||| 00| 0 eng d | ||
| 100 | _aGupta, Priyanka | ||
| 245 | _aQuality research: a potent key to quality higher education | ||
| 260 | _c2009 | ||
| 300 | _ap.13-20. | ||
| 362 | _a19 Oct | ||
| 650 | _aResearch | ||
| 650 | _aHigher education | ||
| 650 | _aEductional research | ||
| 700 | _aMunesh Kumar | ||
| 700 | _aJaiswal, Vijay | ||
| 773 | _aUniversity News | ||
| 908 | _aN | ||
| 909 | _a84385 | ||
| 999 |
_c84385 _d84385 |
||